00382pab a2200133 454500008004000000100001900040245009300059260000900152300001500161362001200176650002400188650001800212773001800230180718b2015 xxu||||| |||| 00| 0 eng d aAnand, Shaweta aNeed to study perceptions of well-being and ill-being of trafficked and rescued children c2015 ap.337-350. aOct-Dec arights of the child aChild welfare aSocial Action